| 000 | 00667nam a22001937a 4500 | ||
|---|---|---|---|
| 008 | 230404s2011 xxk||||| |||| 00| 0 eng d | ||
| 020 | _a9780956534118 | ||
| 041 | _aeng | ||
| 050 | _a729.29 | ||
| 245 | _aA guide to office acoustics | ||
| 260 |
_aLondon, _bAssociation of Interior Specialists, _c2011 |
||
| 300 | _a71p. | ||
| 520 | _aAcoustic control, ceilings, partitions, screens, flanking sound, sibilance and other techniques in considering acoustic design and noise in offices. | ||
| 651 | _aUnited Kingdom | ||
| 690 |
_96234 _aDesign & specification |
||
| 700 | _aParkin, Andrew | ||
| 710 | _aAssociation of Interior Specialists | ||
| 942 | _n0 | ||
| 999 |
_c121452 _d121452 |
||